000 00613nam a2200241Ia 4500
003 OSt
005 20220925220330.0
006 a|||||r|||| 00| 0
007 ta
008 220923b |||||||| |||| 00| 0 eng d
037 _cGeneral Book
040 _aRTL
_cRTL
_beng
041 _2eng
_aeng
082 _aX:8K, L2
100 _aBigg Walter W
245 0 _aCost accounts
250 _a9th
260 _aLondon
_bMacdonald and evans U K
_c1972
300 _ax, 564p.
_ccm.
650 _aCost Accuonts
_9232698
942 _hX:8K, L2
_cGB
_2CC
999 _c571151
_d571151